00759nam a2200181Ia 4500008004100000020001500041041001200056082001600068100001600084245005200100260004700152300000800199650001600207942000700223999001500230952016100245952017100406221030s9999 xx 000 0 und d a8122406513 aEnglish a105.23bGup aS. K. Gupta 0aNumerical Methods for Engineerscby S. K. Gupta bNew Age International PubaNew Delhic2001 a407 aBE Computer cBK c3301d3301 pBE 5486g185.00l0o105.23 Gupr2024-06-13 00:00:00w2022-10-30yBK003Print4071aMIETLIBbMIETLIBcBL-Second, FL-1, CUP-55, SH-3, R-3d2002-06-1510HBE pBE 5487g185.00l0o105.23 Gupr2024-06-13 00:00:00w2022-10-30yBK003Print4070aMIETLIBbMIETLIBcBL-Academic Block C, FL-2, CUP-38, SH-1, R-1d2002-06-1510HBE